00418nam a2200169Ia 4500003000400000005001700004008004100021020001500062040000700077041000800084082001700092100002300109245004700132260004000179300001600219365001300235OSt20230417110920.0210423s2007 xx 000 0 und d a8130906554 cAL aeng a809.935 BLOH aBLOOM (Harold),Ed. aErnest Hemingways the old man and the sea. aNew DelhibViva Books Pvt Ltdc2007 avii,205bPB b125cINR